<?xml version="1.0" encoding="UTF-8"?>
<record
    xmlns:xsi="http://www.w3.org/2001/XMLSchema-instance"
    xsi:schemaLocation="http://www.loc.gov/MARC21/slim http://www.loc.gov/standards/marcxml/schema/MARC21slim.xsd"
    xmlns="http://www.loc.gov/MARC21/slim">

  <leader>01270nam a2200277 i 4500</leader>
  <controlfield tag="001">184019</controlfield>
  <controlfield tag="003">ES-MaACL</controlfield>
  <controlfield tag="005">20231115120139.0</controlfield>
  <controlfield tag="008">150223s2012    ag           |||| | spa d</controlfield>
  <datafield tag="020" ind1=" " ind2=" ">
    <subfield code="a">978-987-584-420-9</subfield>
  </datafield>
  <datafield tag="080" ind1=" " ind2=" ">
    <subfield code="a">72.025.3(460)</subfield>
  </datafield>
  <datafield tag="245" ind1="0" ind2="0">
    <subfield code="a">Declaraci&#xF3;n de Boceguillas : </subfield>
    <subfield code="b">principios para el estudio, la protecci&#xF3;n y la conservaci&#xF3;n de la arquitectura tradicional / </subfield>
    <subfield code="c">[edici&#xF3;n a cargo de Luis Maldonado Ramos y Fernando Vela Coss&#xED;o ; traducci&#xF3;n al ingl&#xE9;s de Isabel Salto-Weis Acevedo ; traducci&#xF3;n al franc&#xE9;s de Sanaa Niar ; traducci&#xF3;n al italiano de Agostino Bossi].</subfield>
  </datafield>
  <datafield tag="260" ind1=" " ind2=" ">
    <subfield code="a">[Buenos Aires] : </subfield>
    <subfield code="b">Nobuko, </subfield>
    <subfield code="c">2012.</subfield>
  </datafield>
  <datafield tag="300" ind1=" " ind2=" ">
    <subfield code="a">109 p. ; </subfield>
    <subfield code="c">21 cm.</subfield>
  </datafield>
  <datafield tag="546" ind1=" " ind2=" ">
    <subfield code="a">Texto en espa&#xF1;ol y traducci&#xF3;n al ingl&#xE9;s, franc&#xE9;s e italiano.</subfield>
  </datafield>
  <datafield tag="650" ind1=" " ind2="4">
    <subfield code="a">Arquitectura popular-</subfield>
    <subfield code="z">Espa&#xF1;a-</subfield>
    <subfield code="v">Preservaci&#xF3;n.</subfield>
    <subfield code="9">156408</subfield>
  </datafield>
  <datafield tag="700" ind1="1" ind2=" ">
    <subfield code="a">Maldonado Ramos, Luis.</subfield>
    <subfield code="9">75736</subfield>
  </datafield>
  <datafield tag="700" ind1="1" ind2=" ">
    <subfield code="a">Vela Coss&#xED;o, Fernando.</subfield>
    <subfield code="9">113683</subfield>
  </datafield>
  <datafield tag="700" ind1="1" ind2=" ">
    <subfield code="a">Salto-Weis Azevedo, Isabel.</subfield>
    <subfield code="9">156409</subfield>
  </datafield>
  <datafield tag="700" ind1="1" ind2=" ">
    <subfield code="a">Niar, Sanaa.</subfield>
    <subfield code="9">156410</subfield>
  </datafield>
  <datafield tag="700" ind1="1" ind2=" ">
    <subfield code="a">Bossi, Agostino.</subfield>
    <subfield code="9">156411</subfield>
  </datafield>
  <datafield tag="852" ind1=" " ind2=" ">
    <subfield code="a">ES-MaACL</subfield>
    <subfield code="j">A-13394</subfield>
    <subfield code="9">190985</subfield>
    <subfield code="b">R.150172</subfield>
    <subfield code="c">DEPO1</subfield>
    <subfield code="d">Olim: N-6394</subfield>
    <subfield code="h">Donaci&#xF3;n: Fernando Vela</subfield>
  </datafield>
  <datafield tag="903" ind1=" " ind2=" ">
    <subfield code="9">113683</subfield>
    <subfield code="a">Vela Coss&#xED;o, Fernando</subfield>
    <subfield code="e">dnr</subfield>
  </datafield>
  <datafield tag="942" ind1=" " ind2=" ">
    <subfield code="2">udc</subfield>
    <subfield code="c">MONOGRAFIA</subfield>
  </datafield>
  <datafield tag="999" ind1=" " ind2=" ">
    <subfield code="c">184019</subfield>
    <subfield code="d">184019</subfield>
  </datafield>
  <datafield tag="952" ind1=" " ind2=" ">
    <subfield code="0">0</subfield>
    <subfield code="1">0</subfield>
    <subfield code="2">udc</subfield>
    <subfield code="4">0</subfield>
    <subfield code="7">0</subfield>
    <subfield code="a">ATENEOM</subfield>
    <subfield code="b">ATENEOM</subfield>
    <subfield code="c">DEPO1</subfield>
    <subfield code="d">2015-02-23</subfield>
    <subfield code="e">DONACION</subfield>
    <subfield code="l">0</subfield>
    <subfield code="o">A-13394</subfield>
    <subfield code="p">1193506</subfield>
    <subfield code="r">2023-02-23 00:00:00</subfield>
    <subfield code="w">2023-02-23</subfield>
    <subfield code="y">MONOGRAFIA</subfield>
  </datafield>
</record>
